000
00336 a2200157 4500
001
160219
020
_a
040
_c
Magnum
100
_a
Orthof, Sylvia
240
1
0
_a
Enferrujado, la vai o soldado
_l
por
245
1
0
_a
Enferrujado, la vai o soldado
362
0
_a
1899
440
1
_a
Salamandra
697
_a
I/GERAL
942
_c
BK
999
_c
160219
_d
160219